LEADER 01449nam a2200337 u 4500 001 000000028232 003 CaOOAMICUS 005 20070226111759.0 008 960528s1996 fr u000 u fre u 020 $a2204052493 035 $a10732625 040 $aIPA$bita$dPUL(R) 100 1 $aLarchet, Jean-Claude,$d1949-$0(OLS)http://pul/name/23004 245 13$aLa divinisation de l'homme selon saint Maxime le Confesseur /$cJean-Claude Larchet. 260 $aParis :$bCerf,$c1996. 300 $a764 p. ;$c22 cm 490 1 $aCogitatio fidei ;$v194 500 $aComprende indici. 504 $aBibliografia: p. 691-733. 600 04$aMaximus Confessor,$cs.,$d580-662.$0(OLS)http://pul/subject/8819 830 0$aCogitatio fidei ;$v194.$0(OLS)http://pul/title/876 850 $aPUL 852 $aPUL$W1$xSL Religione 1$y3$m67 B 146$j39237$nBK-PRI$b $qStampati$B39237$CPULBib$Z2$F39237 $H $81 852 $aPUL$W1$xSL Religione 2$y84$mTheol A13 194$j39238$nBK-PRI$b $qStampati altre collocazioni$B39238$CPULBib$Z2$F39238 $HPUL99401 $81 941 1 $a8 941 1 $a10 960 $aMassimo confessore,$cs.,$d580-662$98819 961 $aINV: 76637 996 $6020$a2204052493$9(OLS)http://pul/number/35048 996 $6245$aLa divinisation de l'homme selon saint Maxime le Confesseur$9(OLS)http://pul/title/38562 996 $6260$aParis :$bCerf$9(OLS)http://pul/publisher/48238 LEADER 01199nam a2200265 u 4500 001 000000077029 003 CaOOAMICUS 005 20070226123256.0 008 040115s2003 vc u000 u ita u 020 $a8820974142 035 $a10981039 040 $aPUL$bita 041 1 $aita$heng 245 00$aNuovo dizionario di spiritualitą /$cdiretto da Michael Downey ; edizione italiana a cura di Luigi Borriello.. 260 $aCittą del Vaticano :$bLibreria editrice vaticana,$cc2003. 500 $aTit. orig. : "The New Dictionary of Catholic Spirituality". 650 4$aSpiritualitą cattolica.$0(OLS)http://pul/subject/19893 700 1 $aBorriello, Luigi,$cO.C.D,$d1947-$0(OLS)http://pul/name/2047 700 1 $aDowney, Michael.$0(OLS)http://pul/name/51272 850 $aPUL 852 $aPUL$W1$xSL Cons. Gen., Altre Classi 1$y1$m2006 E 16$j8132$nBK-PRI$b $qStampati$B98930$CPULBib$Z2$F98930 $HPUL91969 $82 941 1 $a8 996 $6020$a8820974142$9(OLS)http://pul/number/100956 996 $6245$aNuovo dizionario di spiritualitą$9(OLS)http://pul/title/100952 996 $6260$aCittą del Vaticano :$bLibreria editrice vaticana$9(OLS)http://pul/publisher/47920